Life Full Of Commas/ (Record no. 167339)

MARC details
000 -LEADER
fixed length control field 00540nam a22001817a 4500
010 ## - LCCN (DPL NO)
LC control number ENG-126342
020 ## - INTERNATIONAL STANDARD BOOK NUMBER
International Standard Book Number 978-93-86191-37-3
Terms of availability 350.00
035 ## - SYSTEM CONTROL NUMBER
System control number EN-109874
037 ## - SOURCE OF ACQUISITION
Stock number DBAD/PUB
082 ## - DEWEY DECIMAL CLASSIFICATION NUMBER
Classification number N
100 ## - MAIN ENTRY--PERSONAL NAME
Personal name Subramanian,Sudha
245 ## - TITLE STATEMENT
Title Life Full Of Commas/
Statement of responsibility, etc by Sudha Subramanian
260 ## - PUBLICATION, DISTRIBUTION, ETC. (IMPRINT)
Name of publisher, distributor, etc Published By LiFi
Date of publication, distribution, etc 2018
Place of publication, distribution, etc Delhi
270 ## - ADDRESS
Address 211, 2nd Floor, Gangandeep 12,Rajendra Place
City Delhi
Postal code 110008
Electronic mail address info@lifipublications.com
300 ## - PHYSICAL DESCRIPTION
Extent 154p.
Other physical details 20cm.(pbk)
650 ## - SUBJECT ADDED ENTRY--TOPICAL TERM
Topical term or geographic name as entry element English Novel
942 ## - ADDED ENTRY ELEMENTS (KOHA)
Source of classification or shelving scheme Dewey Decimal Classification
Item type English Books
Classification part N
Call number suffix SUB
Holdings
Withdrawn status Lost status Not for loan Collection code Home library Current library Date acquired Source of acquisition Cost, normal purchase price Full call number Barcode Copy number Cost, replacement price Koha item type
    Not For Loan Fiction D.B.Act.Division D.B.Act.Division 28/08/2019 DBAD/PUB 350.00 N SUB EN-109874 1 350.00 English Books

© Delhi Public Library
Hit Counter
free hit counter